|
|
|
|
| LEADER |
02187nam a2200289 a 4500 |
| 001 |
GR-MES623 |
| 008 |
991111s1994 gr 000 0 gre d |
| 020 |
|
|
|a 9607177053
|
| 040 |
|
|
|a GrPaTEI
|b gre
|c GR-PaULI
|
| 245 |
0 |
0 |
|a Ανθοκομία :
|b Αειθαλείς καλλωπιστικοί θάμνοι για την αρχιτεκτονική και αρχιτεκτονική του τοπίου
|n 5ος .
|p Αειθαλείς καλλωπιστικοί θάμνοι για την αρχιτεκτονική και αρχιτεκτονική του τοπίου.
|
| 260 |
|
|
|c 1994
|
| 300 |
|
|
|a 127σελ.,εικ.
|
| 504 |
|
|
|a Βιβλιογραφία:σελ(122-127)
|
| 650 |
|
4 |
|a Αειθαλή
|
| 650 |
|
4 |
|a Ανθοκομία
|
| 650 |
|
4 |
|a Αρχιτεκτονική
|
| 650 |
|
4 |
|a Καλλωπιστικοί θάμνοι
|
| 650 |
|
4 |
|a Φυτά
|x Καλλιέργεια
|
| 700 |
1 |
|
|a Κανταρτζής, Νικόλαος
|
| 942 |
|
|
|2 ddc
|
| 971 |
|
|
|a .b25716645
|b 15-04-20
|c 13-09-16
|
| 999 |
|
|
|c 151955
|d 151955
|
| 952 |
|
|
|0 0
|1 0
|2 ddc
|4 0
|6 635_900000000000000_ΚΑΝ
|7 0
|9 263917
|a MSLG
|b MSLG
|c BSC
|d 2021-01-17
|e 24
|f 0
|g 0.00
|l 0
|o 635.9 ΚΑΝ
|p 2420000004162
|r 2021-01-17
|t 1
|v 2021.00
|w 2021-01-17
|y BK15
|x Μεταφορά από Αμαλιάδα (18/10/22)
|x GrPaTEI
|
| 952 |
|
|
|0 0
|1 0
|2 ddc
|4 0
|6 635_900000000000000_ΚΑΝ
|7 0
|9 263918
|a MSLG
|b MSLG
|c BSC
|d 2021-01-17
|e 24
|f 0
|g 0.00
|l 0
|o 635.9 ΚΑΝ
|p 2420000006448
|r 2021-01-17
|t 1
|v 2021.00
|w 2021-01-17
|y BK15
|x Μεταφορά από Αμαλιάδα (18/10/22)
|x GrPaTEI
|
| 952 |
|
|
|0 0
|1 0
|2 ddc
|4 0
|6 635_900000000000000_ΚΑΝ
|7 0
|9 263919
|a MSLG
|b MSLG
|c BSC
|d 2021-01-17
|e 24
|f 0
|g 0.00
|l 0
|o 635.9 ΚΑΝ
|p 2420000014034
|r 2021-01-17
|t 1
|v 2021.00
|w 2021-01-17
|y BK15
|x Μεταφορά από Αμαλιάδα (18/10/22)
|x GrPaTEI
|
| 952 |
|
|
|0 0
|1 0
|2 ddc
|4 0
|6 635_900000000000000_ΚΑΝ
|7 0
|9 263920
|a MSLG
|b MSLG
|c BSC
|d 2021-01-17
|e 24
|f 0
|g 0.00
|l 0
|o 635.9 ΚΑΝ
|p 2420000014399
|r 2021-01-17
|t 1
|v 2021.00
|w 2021-01-17
|y BK15
|x Μεταφορά από Αμαλιάδα (18/10/22)
|x GrPaTEI
|
| 952 |
|
|
|0 0
|1 0
|2 ddc
|4 0
|6 635_900000000000000_ΚΑΝ
|7 0
|9 263921
|a MSLG
|b MSLG
|c BSC
|d 2021-01-17
|e 24
|f 0
|g 0.00
|l 0
|o 635.9 ΚΑΝ
|p 2420000018030
|r 2021-01-17
|t 1
|w 2021-01-17
|y BK15
|x 20000209 0 1
|x GrPaTEI
|